Business information : (Record no. 495)

MARC details
000 -LEADER
fixed length control field 01660cam a22003254a 4500
001 - CONTROL NUMBER
control field 12691994
005 - DATE AND TIME OF LATEST TRANSACTION
control field 20210414113912.0
008 - FIXED-LENGTH DATA ELEMENTS--GENERAL INFORMATION
fixed length control field 020305s2003 mauab b 001 0 eng
010 ## - LIBRARY OF CONGRESS CONTROL NUMBER
LC control number 2002025453
020 ## - INTERNATIONAL STANDARD BOOK NUMBER
International Standard Book Number 0072507705
040 ## - CATALOGING SOURCE
Original cataloging agency DLC
Transcribing agency DLC
Modifying agency DLC
042 ## - AUTHENTICATION CODE
Authentication code pcc
050 00 - LIBRARY OF CONGRESS CALL NUMBER
Classification number HD30.2.Z337
082 00 - DEWEY DECIMAL CLASSIFICATION NUMBER
Classification number 658/.05
Edition number 21
100 1# - MAIN ENTRY--PERSONAL NAME
Personal name Zagorsky, Jay L.
245 10 - TITLE STATEMENT
Title Business information :
Remainder of title finding and using data in the digital age /
Statement of responsibility, etc. Jay L. Zagorsky.
260 ## - PUBLICATION, DISTRIBUTION, ETC.
Place of publication, distribution, etc. Boston :
Name of publisher, distributor, etc. McGraw-Hill/Irwin,
Date of publication, distribution, etc. c2003.
300 ## - PHYSICAL DESCRIPTION
Extent xi, 276 p. :
Other physical details ill., maps ;
Dimensions 24 cm.
440 #4 - SERIES STATEMENT/ADDED ENTRY--TITLE
Title The McGraw-Hill/Irwin series Operations and decision sciences
504 ## - BIBLIOGRAPHY, ETC. NOTE
Bibliography, etc. note Includes bibliographical references and index.
505 ## - FORMATTED CONTENTS NOTE
Formatted contents note Contents: Introduction -- Information basics -- Quick information- statistical compendia -- Demographic information -- Income -- consumer spending -- people details -- industry data -- company information -- Price information -- Human resources -- Labor market information -- Tax information -- Information on the economy -- Exporting and Importing -- conclusion -- Appendixes.
650 #0 - SUBJECT ADDED ENTRY--TOPICAL TERM
Topical term or geographic name entry element Information technology
General subdivision Management.
650 #0 - SUBJECT ADDED ENTRY--TOPICAL TERM
Topical term or geographic name entry element Data mining.
856 42 - ELECTRONIC LOCATION AND ACCESS
Materials specified Contributor biographical information
Uniform Resource Identifier <a href="http://www.loc.gov/catdir/bios/mh042/2002025453.html">http://www.loc.gov/catdir/bios/mh042/2002025453.html</a>
856 42 - ELECTRONIC LOCATION AND ACCESS
Materials specified Publisher description
Uniform Resource Identifier <a href="http://www.loc.gov/catdir/description/mh022/2002025453.html">http://www.loc.gov/catdir/description/mh022/2002025453.html</a>
856 41 - ELECTRONIC LOCATION AND ACCESS
Materials specified Table of contents
Uniform Resource Identifier <a href="http://www.loc.gov/catdir/toc/mh021/2002025453.html">http://www.loc.gov/catdir/toc/mh021/2002025453.html</a>
906 ## - LOCAL DATA ELEMENT F, LDF (RLIN)
a 7
b cbc
c orignew
d 1
e ocip
f 20
g y-gencatlg
942 ## - ADDED ENTRY ELEMENTS (KOHA)
Source of classification or shelving scheme Library of Congress Classification
Koha item type Books
Holdings
Withdrawn status Lost status Source of classification or shelving scheme Damaged status Not for loan Home library Current library Shelving location Date acquired Total Checkouts Full call number Barcode Date last seen Price effective from Koha item type
    Library of Congress Classification     WISCONSIN INTERNATIONAL UNIVERSITY COLLEGE, GHANA - MAIN LIBRARY WISCONSIN INTERNATIONAL UNIVERSITY COLLEGE, GHANA - MAIN LIBRARY General Stacks 26/01/2012   HD30.2.Z337 1166/11 26/01/2012 26/01/2012 Books

If you have any concerns or questions; kindly contact the library


© Powered by WIUC ICT DIRECTORATE